| 000 | 01351nam a22003737a 4500 | ||
|---|---|---|---|
| 003 | CHAP | ||
| 005 | 20220329134243.0 | ||
| 008 | 971013s1980 r 00010 d | ||
| 010 | _a17665 | ||
| 011 | _a18637 | ||
| 035 | _a22722 | ||
| 040 | _cCHAP | ||
| 082 |
_a628.1 _bB5 |
||
| 100 | 0 | 0 |
_aBiswas, Asit K. _912955 |
| 245 | _aWater management for arid lands in developing countries | ||
| 260 |
_aOxford : _bPergamon Press, _c1980 |
||
| 300 | _a252 p. | ||
| 490 |
_aWater development, supply and management _v; 13 |
||
| 590 |
_aBATCH-UPD _b10 _c20130109 _lUCH01 _h2342 |
||
| 590 |
_aBATCH-UPD _b10 _c20130110 _lUCH01 _h0228 |
||
| 590 |
_aBATCH-UPD _b10 _c20130110 _lUCH01 _h1638 |
||
| 590 |
_aBATCH-UPD _b10 _c20130409 _lUCH01 _h1912 |
||
| 590 |
_aBATCH-UPD _b10 _c20130410 _lUCH01 _h1029 |
||
| 590 |
_aBATCH-UPD _b10 _c20130913 _lUCH01 _h2235 |
||
| 590 |
_aCONVERSION _b10 _c20130109 _lUCH01 _h1311 |
||
| 650 | 1 | 4 |
_aAgua _xAprovechamiento _xRegiones áridas. _92302 |
| 650 | 1 | 4 |
_aIrrigación _xRegiones áridas. _960478 |
| 830 | 0 |
_aWater development, supply and management _v; 13 _9121152 |
|
| 901 | _aBK | ||
| 942 | _cLIBRO | ||
| 949 |
_a628.1 B5 _bBC _cLIBRO _d33724000023420 _eLIBRO _fc.3 _h55896 _i22722 _si |
||
| 949 |
_a628.1 B5 _bBC _cLIBRO _d33724000023438 _eLIBRO _fc.2 _h52579 _i22722 _si |
||
| 949 |
_a628.1 B5 _bBC _cLIBRO _d33724000023446 _eLIBRO _h52578 _i22722 _si |
||
| 999 |
_c17665 _d17665 |
||